000
00248nam a2200109Ia 4500
008
190216s9999||||xx |||||||||||||| ||und||
100
_a
Iyer R S
245
0
_a
Bank Clerical Test
260
_b
Vidyarthimithram
650
_a
References
942
_c
REF
999
_c
35855
_d
35855